Doctor Who companion actors (original series) - Statistics

General Stats
  • This quiz has been taken 15 times
  • The average score is 18 of 33
Answer Stats
Answer % Correct
Elisabeth Sladen
77%
Katy Manning
77%
Carole Ann Ford
69%
Janet Fielding
69%
Matthew Waterhouse
69%
Nicholas Courtney
69%
Nicola Bryant
69%
Sarah Sutton
69%
Bonnie Langford
62%
Frazer Hines
62%
John Leeson
62%
Lalla Ward
62%
Louise Jameson
62%
Mary Tamm
62%
Peter Purves
62%
Sophie Aldred
62%
William Russell
62%
Caroline John
54%
John Levene
54%
Richard Franklin
54%
Deborah Watling
46%
Ian Marter
46%
Jacqueline Hill
46%
Jean Marsh
46%
Mark Strickson
46%
Wendy Padbury
46%
Adrienne Hill
38%
Anneke Wills
38%
Gerald Flood
38%
Jackie Lane
38%
Maureen O'Brien
38%
Michael Craze
38%
David Brierley
31%
No matching quizzes found
Score Distribution
Percent of People with Each Score
Percentile by Number Answered
Your Score History
You have not taken this quiz